000 00661nam a2200229Ia 4500
003 OSt
005 20220926013010.0
006 a|||||r|||| 00| 0
007 ta
008 220923b |||||||| |||| 00| 0 eng d
037 _cGeneral Book
040 _aRTL
_cRTL
_beng
041 _2eng
_aeng
082 _aY:4:691.73.N6, K7
100 _aSellin Thorsten Ed.
_9134972
245 0 _aCapital punishment
260 _aNew York
_bHarper & Row
_c1967
300 _aix,290p
_ccm.
490 _aReader in Social Problems. Ed by Donald R Cressey
942 _hY:4:691.73.N6, K7
_cGB
_2CC
999 _c624900
_d624900